00589 a2200169 4500003000500000005001700005010001300022040000900035082001200044100002100056245011200077260003700189300001900226505012500245600002200370650002700392NUST20230130131841.0 a64004150 cNust a920,STR aStrachey, Lytton aEminent Victorians:bCardinal Manning, Florence Nightingale, Dr. Arnold, General Gordon /cLytton Strachey, aNew York,bCapricorn Booksc1945 a302 p.;b19 cm aCardinal Manning (Page-1), Florence Nightingale (Page-115), Dr. Arnold (Page-177), The End Of General Gordon (Page-209). aStrachey, Lytton, aBiographies of leaders